| 000 | 01272cab a2200217 4500 | ||
|---|---|---|---|
| 001 | ##L129320 | ||
| 008 | 050412n2005 000 0 eng u | ||
| 035 | _a(Sirsi) u129320 | ||
| 041 | 0 | _aeng | |
| 100 | 1 | _aLilly, Stewart | |
| 245 | 0 | 0 | _aFocus on sustainable communities summit |
| 260 | _c2005 | ||
| 490 | 0 |
_aEstate Agent _vApril 2005, 9(1) |
|
| 520 | _aReports on the key issues arising from the "Delivering sustainable communities" summit held in Manchester from 31 January 2005 to 2 February 2005, bringing together nearly 2000 experts from the UK and overseas to discuss sustainable communities. Gives a critical view of the government affordable housing challenge to get house builders to construct well designed, environmentally efficient houses for £60 000 and argues the case that not enough land is being made available under the current system to alleviate housing supply deficits. | ||
| 590 | _aIKA150405 | ||
| 650 | 2 | 4 | _aDCLG DESIGN FOR MANUFACTURE COMPETITION |
| 651 | 4 |
_aEngland _y886- |
|
| 690 | _aENVIRONMENTAL AND LAND CONSULTANCY-SUSTAINABILITY-SUSTAINABLE DEVELOPMENT | ||
| 856 | 4 | 8 |
_uhttps://www.communities.gov.uk/documents/communities/pdf/153044.pdf _zView the summit report back documents free of charge at www.dclg.gov.uk... |
| 942 | _n0 | ||
| 999 |
_c75064 _d75064 |
||